[Event "Eger Osz op"]
[Site "Eger"]
[Date "2009.10.25"]
[Round "7"]
[White "Szego, Krisztian"]
[Black "Czako, Gyorgy"]
[Result "0-1"]
[WhiteElo "1844"]
[BlackElo "2075"]
[PlyCount "22"]
[EventDate "2009.10.22"]
[EventType "swiss"]
[EventRounds "7"]
[EventCountry "HUN"]
[SourceTitle "EXT 2011"]
[Source "ChessBase"]
[SourceDate "2010.11.26"]
[SourceVersion "1"]
[SourceVersionDate "2010.11.26"]
[SourceQuality "1"]

1. d4 Nf6 2. Nf3 c5 3. d5 e6 4. d6 Qb6 5. Nc3 Bxd6 6. e4 Be7 7. Bf4 Nh5 8. Bxb8 Rxb8 9. Ne5 Qxb2 10. Kd2 Bg5+ 11. Kd3 Nf4+ 0-1

[Event "HUN-chT2 Maroczy 0809"]
[Site "Hungary"]
[Date "2009.04.19"]
[Round "11"]
[White "Szabo, Laszlo3333"]
[Black "Czako, Gyorgy"]
[Result "1-0"]
[WhiteElo "1972"]
[BlackElo "2087"]
[PlyCount "75"]
[EventDate "2008.10.26"]
[EventType "team-tourn"]
[EventRounds "11"]
[EventCountry "HUN"]
[SourceTitle "EXT 2010"]
[Source "ChessBase"]
[SourceDate "2010.11.25"]
[SourceVersion "1"]
[SourceVersionDate "2010.11.25"]
[SourceQuality "1"]
[WhiteTeam "Hajduboszormeny"]
[BlackTeam "Fuzesabony"]
[WhiteTeamCountry "HUN"]
[BlackTeamCountry "HUN"]

1. e4 c5 2. c3 d5 3. exd5 Qxd5 4. d4 e6 5. Nf3 Nf6 6. Bd3 Be7 7. 0-0 0-0 8. Be3 b6 9. Nbd2 cxd4 10. Bxd4 Nc6 11. Nc4 Nxd4 12. cxd4 Bb7 13. Re1 Rfd8 14. Qd2 Rac8 15. b3 Rc7 16. Rad1 Rdc8 17. Nce5 Qd8 18. Qf4 Bb4 19. Rf1 h6 20. Bc4 Nd5 21. Qg4 Nf6 22. Qf4 Bd5 23. Ba6 Bb7 24. Bc4 Bd6 25. Rfe1 Nd5 26. Qg4 b5 27. Bd3 Bb4 28. Rf1 Nc3 29. Rd2 a6 30. h4 Nd5 31. Rdd1 Be7 32. Nxf7 Kxf7 33. Ne5+ Kf8 34. Qxe6 Qe8 35. Ng6+ Qxg6 36. Bxg6 Bxh4 37. Rfe1 Ne7 38. Qf7# 1-0

[Event "HUN-chT2 Maroczy 0809"]
[Site "Hungary"]
[Date "2008.12.21"]
[Round "4"]
[White "Berecz, Arpad"]
[Black "Czako, Gyorgy"]
[Result "0-1"]
[WhiteElo "2108"]
[BlackElo "2087"]
[PlyCount "74"]
[EventDate "2008.10.26"]
[EventType "team-tourn"]
[EventRounds "11"]
[EventCountry "HUN"]
[SourceTitle "EXT 2010"]
[Source "ChessBase"]
[SourceDate "2010.11.25"]
[SourceVersion "1"]
[SourceVersionDate "2010.11.25"]
[SourceQuality "1"]
[WhiteTeam "Maroczy"]
[BlackTeam "Fuzesabony"]
[WhiteTeamCountry "HUN"]
[BlackTeamCountry "HUN"]

1. e4 c5 2. Nf3 d6 3. d4 cxd4 4. Nxd4 Nf6 5. Nc3 a6 6. Bg5 e6 7. f4 Qb6 8. Nb3 Be7 9. Qf3 Nbd7 10. Bd3 Qc7 11. 0-0-0 b5 12. Rhe1 Bb7 13. Qg3 b4 14. Nb1 0-0 15. e5 dxe5 16. fxe5 Nd5 17. Bxh7+ Kxh7 18. Qh4+ Kg8 19. Bxe7 Nxe7 20. Qxe7 Rac8 21. Rd2 Bd5 22. Qxb4 Nxe5 23. Nc3 Rfd8 24. Red1 Nc4 25. Rd4 a5 26. Qb5 Nxb2 27. Qxa5 Qxa5 28. Nxa5 Nxd1 29. Nxd1 Bxg2 30. Rb4 Ra8 31. Nb3 Rxa2 32. Nc3 Raa8 33. Kb2 e5 34. Ne2 Rac8 35. c4 Bf1 36. Ng3 Rxc4 37. Rb5 Rc2+ 0-1

[Event "Eger Tel op"]
[Site "Eger"]
[Date "2008.01.25"]
[Round "3"]
[White "Sipka, Zoltan"]
[Black "Czako, Gyorgy"]
[Result "0-1"]
[WhiteElo "1976"]
[BlackElo "2084"]
[PlyCount "120"]
[EventDate "2008.01.24"]
[EventType "swiss"]
[EventRounds "7"]
[EventCountry "HUN"]
[SourceTitle "EXT 2011"]
[Source "ChessBase"]
[SourceDate "2010.11.26"]
[SourceVersion "1"]
[SourceVersionDate "2010.11.26"]
[SourceQuality "1"]

1. d4 Nf6 2. Nf3 c5 3. e3 e6 4. c4 d5 5. Nc3 Nc6 6. Be2 dxc4 7. Bxc4 a6 8. 0-0 Be7 9. dxc5 Qxd1 10. Rxd1 Bxc5 11. a3 0-0 12. b4 Be7 13. Bb2 b5 14. Be2 Bb7 15. Rd2 Rfd8 16. Rad1 Rxd2 17. Rxd2 Rd8 18. Rxd8+ Bxd8 19. Kf1 Kf8 20. Nd2 Ne7 21. Bf3 Bxf3 22. Nxf3 Bc7 23. h3 Ned5 24. Ke2 Nb6 25. Nd2 h6 26. Kd3 Nfd7 27. Nce4 f5 28. Nc3 Ne5+ 29. Kc2 Nec4 30. Nxc4 Nxc4 31. Bc1 Bd6 32. Kb3 Ne5 33. Kc2 Ke7 34. e4 Nc6 35. exf5 exf5 36. Be3 Ke6 37. Kb3 Ke5 38. f4+ Ke6 39. Ne2 Ne7 40. g3 Nc6 41. Nd4+ Nxd4+ 42. Bxd4 Kd5 43. Bxg7 h5 44. Bc3 Ke4 45. Kc2 Kf3 46. Be1 Ke2 47. Bc3 Kf2 48. Be5 Be7 49. g4 hxg4 50. hxg4 fxg4 51. f5 g3 52. f6 Bf8 53. Kb3 g2 54. Bd4+ Kf1 55. a4 g1Q 56. Bxg1 Kxg1 57. axb5 axb5 58. Kc3 Kf2 59. f7 Ke3 60. Kb3 Kd4 0-1

[Event "HUN-chT2 Maroczy 0708"]
[Site "Hungary"]
[Date "2007.11.25"]
[Round "3"]
[White "Barcsi, Judit"]
[Black "Czako, Gyorgy"]
[Result "0-1"]
[WhiteElo "2072"]
[BlackElo "2084"]
[PlyCount "60"]
[EventDate "2007.10.14"]
[EventType "team"]
[EventRounds "11"]
[EventCountry "HUN"]
[SourceTitle "EXT 2009"]
[Source "ChessBase"]
[SourceDate "2008.11.26"]
[SourceVersion "1"]
[SourceVersionDate "2008.11.26"]
[SourceQuality "1"]
[WhiteTeam "Maroczy"]
[BlackTeam "Fuzesabony"]
[WhiteTeamCountry "HUN"]
[BlackTeamCountry "HUN"]

1. e4 c5 2. Nf3 d6 3. d4 cxd4 4. Nxd4 Nf6 5. Nc3 a6 6. Be2 e5 7. Nf3 Be7 8. Bg5 Be6 9. 0-0 Nbd7 10. Kh1 h6 11. Be3 0-0 12. Qd2 Ng4 13. Rad1 Nxe3 14. Qxe3 Qc7 15. Ne1 Rac8 16. Nd3 Nb6 17. Nb4 Rfd8 18. f4 exf4 19. Qxf4 Bf6 20. Rf3 Qe7 21. Qg3 a5 22. Nbd5 Bxd5 23. Nxd5 Nxd5 24. Rxd5 Qxe4 25. Rdf5 Qxe2 26. Rxf6 Rxc2 27. Rf1 Qxg2+ 28. Qxg2 Rxg2 29. Rxf7 Rxb2 30. Rc7 Rf8 0-1

[Event "HUN-chT2 Erkel 0506"]
[Site "Hungary"]
[Date "2006.01.22"]
[Round "6"]
[White "Czako, Gyorgy"]
[Black "Domschitz, Lajos"]
[Result "1-0"]
[WhiteElo "2098"]
[BlackElo "2107"]
[PlyCount "130"]
[EventDate "2005.10.16"]
[EventType "team"]
[EventRounds "11"]
[EventCountry "HUN"]
[SourceTitle "EXT 2009"]
[Source "ChessBase"]
[SourceDate "2008.11.26"]
[SourceVersion "1"]
[SourceVersionDate "2008.11.26"]
[SourceQuality "1"]
[WhiteTeam "Fuzesabony"]
[BlackTeam "Penzugyor II"]
[WhiteTeamCountry "HUN"]
[BlackTeamCountry "HUN"]

1. e4 e6 2. d4 d5 3. Nd2 dxe4 4. Nxe4 Qd5 5. Bd3 Nc6 6. Nf3 Nf6 7. Nxf6+ gxf6 8. c4 Bb4+ 9. Bd2 Qa5 10. Bxb4 Qxb4+ 11. Qd2 Bd7 12. 0-0-0 Qa4 13. b3 Qa3+ 14. Qb2 Qxb2+ 15. Kxb2 0-0-0 16. Rhe1 Rhg8 17. g3 h5 18. Kc3 Rge8 19. Nh4 e5 20. dxe5 fxe5 21. Be2 Bg4 22. Rxd8+ Kxd8 23. Bf3 Nd4 24. Bxb7 c6 25. c5 Nb5+ 26. Kb2 Kc7 27. Ba6 Nd4 28. Kc3 f6 29. b4 Rd8 30. Bd3 a5 31. a3 axb4+ 32. axb4 Ra8 33. Rb1 Ra3+ 34. Kd2 Ra2+ 35. Ke3 Ra3 36. Kd2 Ra2+ 37. Ke1 e4 38. Bc4 Rc2 39. Bf1 Be6 40. Rd1 Nb3 41. Be2 Nc1 42. Rd2 Rc3 43. Rd4 f5 44. Bxh5 Nd3+ 45. Kd2 Rb3 46. f3 Nf2 47. fxe4 Nxe4+ 48. Kc2 Ra3 49. Bg6 Ra2+ 50. Kd3 Ra3+ 51. Ke2 Bc8 52. Nxf5 Ba6+ 53. Ke1 Ra1+ 54. Rd1 Ra2 55. Nd4 Nc3 56. Rd2 Ra1+ 57. Kf2 Nd5 58. g4 Nxb4 59. h4 Nd5 60. h5 Rf1+ 61. Kg3 Rg1+ 62. Rg2 Rh1 63. Rh2 Rg1+ 64. Kh4 Ne3 65. Bf5 Rd1 1-0

[Event "HUN-chT2 Erkel 0506"]
[Site "Hungary"]
[Date "2005.10.16"]
[Round "1"]
[White "Matrai, Laszlo"]
[Black "Czako, Gyorgy"]
[Result "1-0"]
[WhiteElo "2069"]
[BlackElo "2098"]
[PlyCount "55"]
[EventDate "2005.10.16"]
[EventType "team"]
[EventRounds "11"]
[EventCountry "HUN"]
[SourceTitle "EXT 2009"]
[Source "ChessBase"]
[SourceDate "2008.11.26"]
[SourceVersion "1"]
[SourceVersionDate "2008.11.26"]
[SourceQuality "1"]
[WhiteTeam "Paszto"]
[BlackTeam "Fuzesabony"]
[WhiteTeamCountry "HUN"]
[BlackTeamCountry "HUN"]

1. e4 c5 2. Nf3 d6 3. Bc4 e6 4. 0-0 Nf6 5. Nc3 a6 6. a4 Be7 7. d4 cxd4 8. Nxd4 0-0 9. Kh1 b6 10. f4 Bb7 11. Bd3 Nbd7 12. Qe2 Qc7 13. Bd2 Nc5 14. Rf3 d5 15. e5 Nfe4 16. Bxe4 Nxe4 17. Nxe4 dxe4 18. Rh3 g6 19. c3 Bd5 20. Qg4 Rfd8 21. Rg3 Bf8 22. h4 Rac8 23. h5 Qd7 24. hxg6 hxg6 25. Rh3 Be7 26. f5 exf5 27. Qf4 Kf8 28. Rh8+ 1-0

[Event "HUN-chT2 Erkel 0203"]
[Site "Hungary"]
[Date "2002.12.08"]
[Round "4"]
[White "Gyoni, Bela"]
[Black "Czako, Gyorgy"]
[Result "0-1"]
[WhiteElo "1827"]
[BlackElo "2114"]
[PlyCount "148"]
[EventDate "2002.09.22"]
[EventType "team"]
[EventRounds "11"]
[EventCountry "HUN"]
[SourceTitle "EXT 2009"]
[Source "ChessBase"]
[SourceDate "2008.11.26"]
[SourceVersion "1"]
[SourceVersionDate "2008.11.26"]
[SourceQuality "1"]

1. e4 c5 2. Nf3 d6 3. d4 cxd4 4. Nxd4 Nf6 5. Nc3 a6 6. Be2 e5 7. Nb3 Be6 8. Be3 Nbd7 9. 0-0 Rc8 10. f4 Be7 11. f5 Bc4 12. Bxc4 Rxc4 13. Qd3 Rc8 14. h3 0-0 15. Qe2 Nb6 16. Rad1 Nc4 17. Bc1 b5 18. Kh2 Qc7 19. Rf2 b4 20. Nd5 Nxd5 21. Rxd5 Rfd8 22. Rd3 Qc6 23. Rff3 a5 24. Rg3 Kh8 25. Qh5 Rc7 26. Bh6 Bf6 27. Bg5 Bxg5 28. Qxg5 f6 29. Qg4 a4 30. Nd2 Nxb2 31. Rd5 Qxc2 32. Re3 Nc4 33. Red3 Qxa2 34. Nxc4 Qxc4 35. Rxd6 Rxd6 36. Rxd6 Rc8 37. Qd1 Qc7 38. Rd7 Qa5 39. Rxg7 Rd8 40. Rd7 Rxd7 41. Qxd7 Qa6 42. Qe8+ Kg7 43. Qe7+ Kh6 44. Qf8+ Kg5 45. Qg7+ Kf4 46. Qg4+ Ke3 47. Qf3+ Kd4 48. g4 Qd3 49. Qxd3+ Kxd3 50. g5 a3 51. gxf6 a2 52. f7 a1Q 53. f8Q Qb2+ 54. Kg3 Kxe4 55. f6 Qc3+ 56. Kh4 Qe1+ 57. Kh5 Kf5 58. Qg7 Qe3 59. h4 Qf3+ 60. Kh6 Qf4+ 61. Qg5+ Ke6 62. Qxf4 exf4 63. Kg7 b3 64. f7 b2 65. f8Q b1Q 66. Qf6+ Kd7 67. h5 Qe4 68. Qf7+ Qe7 69. Qxe7+ Kxe7 70. Kxh7 f3 71. Kg7 f2 72. h6 f1Q 73. h7 Qf8+ 74. Kg6 Qh8 0-1

[Event "HUN-chT2 Erkel 0203"]
[Site "Hungary"]
[Date "2002.10.13"]
[Round "2"]
[White "Domschitz, Lajos"]
[Black "Czako, Gyorgy"]
[Result "1-0"]
[WhiteElo "2043"]
[BlackElo "2114"]
[PlyCount "69"]
[EventDate "2002.09.22"]
[EventType "team"]
[EventRounds "11"]
[EventCountry "HUN"]
[SourceTitle "EXT 2009"]
[Source "ChessBase"]
[SourceDate "2008.11.26"]
[SourceVersion "1"]
[SourceVersionDate "2008.11.26"]
[SourceQuality "1"]

1. e4 c5 2. Nf3 d6 3. d4 cxd4 4. Nxd4 Nf6 5. Nc3 a6 6. a4 e5 7. Nb3 Be6 8. Be2 Nbd7 9. 0-0 Be7 10. Be3 0-0 11. Kh1 Rc8 12. f4 exf4 13. Bxf4 Ne5 14. Nd4 Qa5 15. Qe1 Qb6 16. Nxe6 fxe6 17. b3 Qd4 18. Bxe5 dxe5 19. Bc4 Rxc4 20. bxc4 Bb4 21. Ne2 Qxc4 22. c3 Ba5 23. Ng3 Bxc3 24. Rc1 Rc8 25. Qe3 Qd4 26. Rf3 Ng4 27. Qe2 b5 28. h3 Nf6 29. axb5 axb5 30. Qxb5 h5 31. Ne2 Qd2 32. Rfxc3 Rxc3 33. Rxc3 Qe1+ 34. Kh2 Nxe4 35. Qe8+ 1-0

[Event "Godal Memorial op"]
[Site "Fuzesabony"]
[Date "2000.08.19"]
[Round "6.8"]
[White "Czako, Gyorgy"]
[Black "Zombori, Janos"]
[Result "1/2-1/2"]
[WhiteElo "2114"]
[BlackElo "2130"]
[PlyCount "110"]
[EventDate "2000.08.20"]
[EventType "swiss (rapid)"]
[EventRounds "9"]
[EventCountry "HUN"]
[SourceTitle "EXT 2004"]
[Source "ChessBase"]
[SourceDate "2003.11.25"]
[SourceVersion "1"]
[SourceVersionDate "2003.11.25"]
[SourceQuality "1"]

1. e4 e6 2. d4 d5 3. Nc3 Nf6 4. Bg5 Be7 5. e5 Nfd7 6. Bxe7 Qxe7 7. f4 a6 8. Nf3 c5 9. Qd2 Nc6 10. dxc5 Nxc5 11. Bd3 Nxd3+ 12. cxd3 Bd7 13. d4 b5 14. a3 0-0 15. 0-0 f5 16. Rfc1 Qd8 17. Na2 Na5 18. Qb4 Qb6 19. Rc5 Nc6 20. Qc3 Rfc8 21. Rc1 Na7 22. Nb4 a5 23. Nd3 Nc6 24. b4 axb4 25. axb4 h6 26. Qb2 Ne7 27. Rxc8+ Rxc8 28. Nc5 Rc7 29. Ra1 Bc8 30. Ra5 Nc6 31. Ra3 Kf7 32. h3 Ra7 33. Qa2 Rxa3 34. Qxa3 Qa7 35. Qb2 g6 36. Kh2 Kg7 37. Ne1 g5 38. g3 Kh7 39. Nc2 Ne7 40. Qa3 Qc7 41. Qa5 Qxa5 42. bxa5 Nc6 43. a6 gxf4 44. gxf4 Kg7 45. Nb4 Na7 46. Nb7 Kf8 47. Nd6 Bd7 48. Kg3 Be8 49. Kh4 Bg6 50. Nd3 Ke7 51. Nc5 b4 52. Kg3 Kd8 53. Nxe6+ Kd7 54. Nf8+ Kc6 55. Ne6 b3 1/2-1/2

[Event "Godal Memorial"]
[Site "Hungary"]
[Date "1999.??.??"]
[Round "2"]
[White "Domany, Mihaly"]
[Black "Czako, Gyorgy"]
[Result "1-0"]
[WhiteElo "2190"]
[BlackElo "2110"]
[PlyCount "77"]
[EventDate "1999.??.??"]
[EventType "swiss"]
[EventRounds "9"]
[EventCountry "HUN"]
[SourceTitle "EXT 2000"]
[Source "ChessBase"]
[SourceDate "1999.11.16"]
[SourceVersion "1"]
[SourceVersionDate "1999.11.16"]
[SourceQuality "1"]

1. e4 c5 2. Nc3 d6 3. g3 Nc6 4. Bg2 g6 5. f4 Bg7 6. d3 e6 7. Nf3 Nge7 8. 0-0 0-0 9. Rb1 a6 10. Be3 b5 11. Ne2 Bb7 12. c3 Rc8 13. Qd2 Qa5 14. b4 cxb4 15. cxb4 Qc7 16. Rfc1 Qd7 17. Bb6 Nb8 18. Bd4 Rxc1+ 19. Rxc1 Rc8 20. Bxg7 Kxg7 21. Qb2+ Kg8 22. Qf6 Rxc1+ 23. Nxc1 Qc7 24. Ng5 Nd5 25. Qxf7+ Qxf7 26. Nxf7 Kxf7 27. exd5 Bxd5 28. Bxd5 exd5 29. Nb3 Nc6 30. a3 Kf6 31. Kf2 g5 32. Ke3 gxf4+ 33. gxf4 Kf5 34. Nd4+ Nxd4 35. Kxd4 Kxf4 36. Kxd5 Ke3 37. Kxd6 h5 38. Kc5 Kxd3 39. h4 1-0

[Event "Godal Memorial"]
[Site "Hungary"]
[Date "1999.??.??"]
[Round "4"]
[White "Lorincz, Otto"]
[Black "Czako, Gyorgy"]
[Result "0-1"]
[WhiteElo "1985"]
[BlackElo "2110"]
[PlyCount "54"]
[EventDate "1999.??.??"]
[EventType "swiss"]
[EventRounds "9"]
[EventCountry "HUN"]
[SourceTitle "EXT 2000"]
[Source "ChessBase"]
[SourceDate "1999.11.16"]
[SourceVersion "1"]
[SourceVersionDate "1999.11.16"]
[SourceQuality "1"]

1. e4 c5 2. Nf3 d6 3. d4 cxd4 4. Nxd4 Nf6 5. Nc3 a6 6. Be2 e5 7. Nb3 Be7 8. Be3 Be6 9. Nd5 Bxd5 10. exd5 0-0 11. c4 Nbd7 12. 0-0 Rc8 13. Rc1 Ne8 14. f4 Bf6 15. Qd2 Nc5 16. Nxc5 dxc5 17. Bg4 Rc7 18. fxe5 Bxe5 19. Kh1 Qh4 20. Bh3 Nd6 21. Qe2 Re8 22. Bf2 Qh6 23. Rfe1 Rce7 24. Qc2 b6 25. Rcd1 Qf4 26. Rxe5 Rxe5 27. Bg3 Re1+ 0-1

[Event "HUN-chT3"]
[Site "Hungary"]
[Date "1995.??.??"]
[Round "?"]
[White "Czako, Gyorgy"]
[Black "Ecsedi, Sandor"]
[Result "1-0"]
[WhiteElo "2125"]
[BlackElo "2145"]
[PlyCount "57"]
[EventDate "1995.??.??"]
[EventType "team"]
[EventRounds "11"]
[EventCountry "HUN"]
[SourceTitle "EXT 2001"]
[Source "ChessBase"]
[SourceDate "2000.11.22"]
[SourceVersion "1"]
[SourceVersionDate "2000.11.22"]
[SourceQuality "1"]

1. e4 c5 2. Nf3 d6 3. d4 cxd4 4. Nxd4 Nf6 5. Nc3 a6 6. Bc4 e6 7. Bb3 Be7 8. 0-0 0-0 9. f4 Nc6 10. Be3 Qc7 11. f5 Nxd4 12. Bxd4 b5 13. fxe6 fxe6 14. Qd3 Kh8 15. a3 e5 16. Nd5 Nxd5 17. Rxf8+ Bxf8 18. Bxd5 Bb7 19. Bc3 Qc5+ 20. Bd4 Qc7 21. Be3 Be7 22. Rf1 Rf8 23. Rxf8+ Bxf8 24. c3 Be7 25. b4 g6 26. Bh6 Qc8 27. c4 Bxd5 28. Qxd5 bxc4 29. Qf7 1-0

[Event "Fuzesabony op"]
[Site "Fuzesabony"]
[Date "1995.??.??"]
[Round "2"]
[White "Vamosi, Laszlo"]
[Black "Czako, Gyorgy"]
[Result "1/2-1/2"]
[WhiteElo "1980"]
[BlackElo "2135"]
[PlyCount "84"]
[EventDate "1995.??.??"]
[EventType "swiss"]
[EventRounds "9"]
[EventCountry "HUN"]
[SourceTitle "EXT 2004"]
[Source "ChessBase"]
[SourceDate "2003.11.25"]
[SourceVersion "1"]
[SourceVersionDate "2003.11.25"]
[SourceQuality "1"]

1. e4 c5 2. Nc3 d6 3. Nf3 a6 4. a4 e6 5. d4 cxd4 6. Nxd4 Nf6 7. Be2 Be7 8. 0-0 0-0 9. Kh1 Nbd7 10. f4 Qc7 11. Qe1 b6 12. Bd3 Bb7 13. Qg3 Kh8 14. Nf3 Nc5 15. e5 dxe5 16. fxe5 Nfd7 17. Bf4 Nxd3 18. cxd3 Nc5 19. Rad1 Rad8 20. d4 Ne4 21. Nxe4 Bxe4 22. Ng5 Bg6 23. Be3 h6 24. Nh3 Qc2 25. Nf4 Be4 26. Nh5 Bg6 27. Nf4 Be4 28. Nh5 g5 29. Rd2 Qxa4 30. Nf6 Bf5 31. h4 Bxf6 32. exf6 Qc4 33. Rdf2 Rg8 34. hxg5 Rg6 35. Rc1 Qd3 36. Rd2 Qe4 37. Rdc2 Rd7 38. Rc8+ Kh7 39. R8c7 Rxc7 40. Rxc7 Kg8 41. Rc8+ Kh7 42. Qb8 Qh4+ 1/2-1/2